<The> Global Crisis and Small - and Medium - Sized Enterprises: Threat or Challenge?
Enregistré dans:
| Auteur principal: | |
|---|---|
| Autres auteurs: | |
| Format: | Chapitre de livre |
| Langue: | anglais |
| Sujets: | |
| Tags: |
Pas de tags, Soyez le premier à ajouter un tag!
|
MARC
| LEADER | 00000nla a2200000 4500 | ||
|---|---|---|---|
| 001 | 0192195 | ||
| 005 | 20240502083444.9 | ||
| 041 | 0 | |a eng | |
| 044 | |a PT | ||
| 245 | 1 | 0 | |a <The> Global Crisis and Small - and Medium - Sized Enterprises: Threat or Challenge? |c Simona Škorvagová, Janka Pásztorová |
| 610 | 2 | 0 | |a marketing medzinárodný |
| 610 | 2 | 0 | |a obchod medzinárodný |
| 610 | 2 | 0 | |a podnik malý |
| 610 | 2 | 0 | |a podnik stredný |
| 610 | 2 | 0 | |a kríza |
| 610 | 2 | 0 | |a globalizácia |
| 100 | 1 | |a Škorvagová, Simona | |
| 700 | 1 | |a Pásztorová, Janka, 1960- | |